[Event "Défi( 10J+24H/c 10J Max )"]
[Site "www.echecsemail.com"]
[Date "2026.02.06"]
[Round "1"]
[White "Jetjet91330"]
[Black "Katastrofic"]
[WhiteElo "2120"]
[BlackElo "1460"]
[Result "1-0"]
1.e4 e5
2.Ng1f3 d6
3.d4 Bc8g4
4.Bf1c4 Nb8d7
5.Bc1e3 Bf8e7
6.c3 Ng8f6
7.Nb1d2 O-O
8.O-O a6
9.a4 exd4
10.cxd4 b5
11.axb5 a5
12.Qd1c2 Bg4xf3
13.Nd2xf3 Nd7b6
14.Bc4d3 d5
15.e5 Nf6d7
16.Bd3xh7 Kh8
17.Qc2f5 g6
18.Qf5h3 g5
19.Bh7g6 Kg7
20.Qh3h7 1-0

[Event "Jean 8"]
[Site "www.echecsemail.com"]
[Date "2026.02.06"]
[Round "1"]
[White "Patau"]
[Black "Woluwe1975"]
[WhiteElo "1670"]
[BlackElo "1640"]
[Result "1-0"]
1.e4 d6
2.d4 Ng8f6
3.Nb1c3 g6
4.f4 Bf8g7
5.e5 dxe5
6.fxe5 Nf6d5
7.Ng1f3 O-O
8.Bf1c4 e6
9.Bc1g5 f6
10.exf6 Bg7xf6
11.Qd1d2 Nd5xc3
12.bxc3 c5
13.O-O Bf6xg5
14.Nf3xg5 cxd4
15.cxd4 Qd8d6
16.Rf1xf8 Qd6xf8
17.Bc4xe6 Kg7
18.Ra1f1 Qf8d6
19.Rf1f7 { abandon }1-0

[Event "Tournoi Hivernal"]
[Site "www.echecsemail.com"]
[Date "2026.02.06"]
[Round "1"]
[White "Abelito"]
[Black "Turbo"]
[WhiteElo "1550"]
[BlackElo "1370"]
[Result "0-1"]
1.d4 d5
2.c4 dxc4
3.e4 c6
4.Nb1c3 e5
5.d5 Bf8b4
6.Ng1f3 Bc8g4
7.Bf1e2 Ng8f6
8.Nf3xe5 Bg4xe2
9.Qd1xe2 Bb4a5
10.Qe2xc4 Ba5c7
11.Ne5xc6 bxc6
12.dxc6 O-O
13.O-O Qd8d6
14.Nc3d5 Qd6xh2
0-1

[Event "Tournoi n27395"]
[Site "www.echecsemail.com"]
[Date "2026.02.06"]
[Round "1"]
[White "Patau"]
[Black "Aramis"]
[WhiteElo "1700"]
[BlackElo "1580"]
[Result "1/2-1/2"]
1.e4 e5
2.Ng1f3 d6
3.d4 Nb8c6
4.Bf1b5 Bc8d7
5.Bb5xc6 Bd7xc6
6.Nb1c3 exd4
7.Qd1xd4 Ng8f6
8.Bc1g5 Bf8e7
9.O-O O-O
10.Rf1e1 h6
11.Bg5xf6 Be7xf6
12.Qd4d3 a6
13.Nc3d5 Bc6b5
14.Nd5xf6 Qd8xf6
15.Qd3d4 Qf6g6
16.c4 Bb5c6
17.Re1e3 Ra8e8
18.Ra1e1 Bc6d7
19.e5 b6
20.exd6 Re8xe3
21.Re1xe3 cxd6
22.Re3d3 d5
23.Qd4xd5 Bd7e6
24.Qd5c6 b5
25.Qc6d6 bxc4
26.Rd3e3 a5
27.Qd6g3 Qg6f6
28.Qg3e5 Qf6g6
29.Qe5xa5 Be6h3
30.Nf3h4 Qg6g4
31.Qa5e1 Qg4xh4
32.Re3xh3 Qh4f6
33.Qe1c3 Qf6g6
34.Qc3c1 Rf8a8
35.Rh3c3 Ra8xa2
36.Rc3xc4 Qg6f6
37.Rc4c8 Kh7
38.h3 Ra2xb2
39.Rc8c2 Rb2b3
40.Rc2e2 Qf6g6
41.Qc1c2 Qg6xc2
42.Re2xc2 Rb3b1
43.Kh2 Rb1b6
44.Rc2c7 f5
45.Rc7c5 g6
46.g4 fxg4
47.hxg4 g5
48.Rc5c3 Rb6f6
49.Kg3 Kg7
50.Rc3c5 Kg6
51.Rc5c4 h5
52.gxh5 Kxh5
53.f4 gxf4
54.Rc4xf4 Rf6xf4
55.Kxf4 1/2-1/2

[Event "CHATURANGA"]
[Site "www.echecsemail.com"]
[Date "2026.02.06"]
[Round "1"]
[White "Mindthegap"]
[Black "Leredoutable"]
[WhiteElo "1460"]
[BlackElo "1750"]
[Result "0-1"]
1.e4 e5
2.Ng1f3 Ng8f6
3.Bf1c4 d6
4.Nf3g5 Bc8e6
5.Bc4xe6 fxe6
6.Ng5xe6 Qd8e7
7.Ne6xc7 Qe7xc7
8.Nb1c3 Bf8e7
9.O-O Nb8c6
10.Nc3d5 Qc7d7
11.Nd5xf6 gxf6
12.Qd1h5 Kd8
13.d3 Kc7
14.Bc1h6 Ra8g8
15.a4 Nc6d4
16.Rf1c1 Qd7g4
17.Qh5f7 Qg4xg2
0-1

[Event "CHATURANGA"]
[Site "www.echecsemail.com"]
[Date "2026.02.06"]
[Round "1"]
[White "4x4"]
[Black "Legrillon"]
[WhiteElo "1450"]
[BlackElo "1780"]
[Result "0-1"]
1.e4 e5
2.Ng1f3 Ng8f6
3.Bf1c4 d6
4.Nf3g5 Bc8e6
5.Bc4xe6 fxe6
6.Ng5xe6 Qd8e7
7.Ne6g5 h6
8.Ng5f3 Nf6xe4
9.d3 Ne4f6
10.Nb1c3 c6
11.Bc1e3 Qe7e6
12.Qd1e2 Bf8e7
13.O-O-O O-O
14.Nf3d2 b5
15.Nd2b3 a5
16.Nb3d2 b4
17.Nc3e4 Nb8d7
18.f3 Qe6xa2
19.Nd2b1 Qa2a4
20.b3 Qa4b5
21.c4 bxc3
22.Qe2c2 d5
23.Ne4xc3 Qb5b4
24.Nc3a4 c5
25.Be3d2 Qb4b5
26.Nb1c3 Qb5b7
27.Nc3a2 Rf8c8
28.Bd2e3 d4
29.Be3f2 Ra8b8
30.Kd2 Nf6d5
31.Rh1e1 Qb7xb3
32.Qc2xb3 Rb8xb3
33.Na2c1 Rb3b4
34.Na4xc5 Be7xc5
35.Ke2 Nd5c3
36.Kf1 Nc3xd1
37.Re1xd1 Rb4b1
38.Ke1 Bc5b4
39.Ke2 Rc8xc1
40.Rd1xc1 Rb1xc1
41.f4 Rc1c2
42.Kf3 exf4
43.Bf2xd4 Bb4c5
44.Bd4xc5 Rc2xc5
45.Kxf4 a4
46.Ke4 a3
47.d4 Rc5c2
48.d5 Rc2xg2
49.d6 Rg2xh2
50.Kd5 a2
51.Kc6 Nd7f6
52.d7 Nf6xd7
53.Kxd7 a1Q
54.Ke7 Qa1a6
55.Kd7 Rh2b2
56.Kc7 Rb2b7
57.Kc8 Qa6a8
0-1

[Event "Défi"]
[Site "www.echecsemail.com"]
[Date "2026.02.06"]
[Round "1"]
[White "Kerenor"]
[Black "Castor"]
[WhiteElo "1590"]
[BlackElo "1350"]
[Result "1-0"]
1.d4 Ng8f6
2.Nb1c3 d5
3.h3 Nb8c6
4.Ng1f3 Bc8f5
5.a3 e6
6.Bc1f4 Bf8d6
7.Bf4g5 Bd6e7
8.Bg5f4 a6
9.e3 h6
10.Bf1d3 O-O
11.Qd1d2 Nf6d7
12.e4 Bf5g6
13.h4 Bg6h7
14.exd5 Nc6a7
15.Bf4xh6 gxh6
16.Qd2xh6 Nd7f6
17.Nf3g5 Rf8e8
18.Bd3xh7 Nf6xh7
19.Qh6xh7 { abandon }1-0

[Event "Tournoi n27350"]
[Site "www.echecsemail.com"]
[Date "2026.02.06"]
[Round "1"]
[White "Gulliver"]
[Black "Jerem51"]
[WhiteElo "2350"]
[BlackElo "2230"]
[Result "1-0"]
1.e4 e6
2.d4 d5
3.exd5 exd5
4.Ng1f3 Ng8f6
5.Bc1g5 h6
6.Bg5h4 Bf8d6
7.Bf1d3 O-O
8.O-O Bc8e6
9.Rf1e1 Nb8d7
10.Nf3e5 Rf8e8
11.f4 c6
12.Nb1d2 g5
13.fxg5 hxg5
14.Bh4xg5 Nd7xe5
15.dxe5 Be6g4
16.Nd2f3 Bd6xe5
17.Qd1d2 Qd8b6
18.Kh1 Be5xb2
19.Ra1b1 Nf6e4
20.Bd3xe4 dxe4
21.Nf3h4 Qb6d4
22.Qd2f4 Bg4c8
23.Rb1xb2 Re8e6
24.Re1f1 Qd4g7
25.Rb2b3 { abandon }1-0

[Event "Eq:au plaisir du jeux -Les Rois du Succes :"]
[Site "www.echecsemail.com"]
[Date "2026.02.06"]
[Round "1"]
[White "Marathonman"]
[Black "Ozon"]
[WhiteElo "2050"]
[BlackElo "1670"]
[Result "1-0"]
1.e4 e5
2.Ng1f3 Ng8f6
3.Nb1c3 Nb8c6
4.a3 a6
5.Bf1c4 Bf8c5
6.h3 d6
7.Nf3g5 Bc8e6
8.Ng5xe6 fxe6
9.Bc4xe6 Qd8e7
10.Be6a2 O-O-O
11.d3 h6
12.Nc3d5 Nf6xd5
13.Ba2xd5 Qe7d7
14.Bc1e3 Bc5xe3
15.fxe3 Rh8f8
16.Qd1d2 Nc6e7
17.O-O-O Ne7xd5
18.exd5 Rf8f5
19.e4 Rf5f6
20.Rh1f1 Qd7f7
21.Rf1xf6 Qf7xf6
22.b4 b5
23.Qd2c3 Qf6f2
24.Qc3c6 Qf2a7
25.Rd1f1 Qa7b7
26.Rf1f7 Qb7xc6
27.dxc6 Rd8g8
28.Kb2 g5
29.Kb3 Kb8
30.c4 bxc4
31.Kxc4 Ka7
32.a4 Kb6
33.Kd5 h5
34.g3 h4
35.g4 Rg8c8
36.Rf7g7 Rc8f8
37.Rg7xg5 Rf8f3
38.Rg5h5 Rf3xd3
39.Ke6 Rd3d4
40.g5 Rd4d3
41.g6 Rd3d4
42.Rh5xh4 Rd4xb4
43.g7 Rb4xa4
44.g8Q Kxc6
45.Qg8a8 Kb6
46.Kf5 c5
47.Rh4h6 Kb5
48.Rh6xd6 c4
49.Qa8b7 Kc5
50.Qb7b6 1-0

[Event "Eq:Pirates du Mat-O fou d hello :"]
[Site "www.echecsemail.com"]
[Date "2026.02.07"]
[Round "1"]
[White "Yab414"]
[Black "Xhouks"]
[WhiteElo "1620"]
[BlackElo "2190"]
[Result "0-1"]
1.e4 c5
2.Bf1c4 e6
3.Ng1f3 a6
4.O-O b5
5.Bc4e2 Nb8c6
6.d4 cxd4
7.Nf3xd4 Bc8b7
8.Nd4xc6 Bb7xc6
9.Bc1f4 Bc6xe4
10.Nb1c3 Be4c6
11.a3 Ng8f6
12.b4 d5
13.Be2f3 Bf8e7
14.Rf1e1 O-O
15.Bf4e5 Be7d6
16.Be5xd6 Qd8xd6
17.Qd1d2 Ra8c8
18.Ra1b1 Qd6c7
19.a4 d4
20.Qd2xd4 Bc6xf3
21.axb5 Bf3a8
22.Qd4c5 Qc7xc5
23.bxc5 Rc8xc5
24.Nc3a4 Rc5xb5
25.c4 Rb5xb1
26.Re1xb1 Nf6d7
27.Rb1c1 Ba8c6
28.Na4c3 Rf8b8
29.h4 Kf8
30.Nc3e2 Rb8c8
31.Ne2d4 Bc6d5
32.Rc1a1 Bd5xc4
33.g3 Bc4d5
34.Ra1xa6 Rc8c1
35.Kh2 Rc1h1
0-1

[Event "Défi"]
[Site "www.echecsemail.com"]
[Date "2026.02.07"]
[Round "1"]
[White "Bilitis"]
[Black "Xercott"]
[WhiteElo "1780"]
[BlackElo "1810"]
[Result "0-1"]
1.d4 g6
2.Ng1f3 d6
3.e4 Bf8g7
4.Nb1c3 Nb8d7
5.Bc1e3 Ng8f6
6.Bf1d3 O-O
7.Nf3d2 e5
8.f4 exf4
9.Be3xf4 Nf6h5
10.Bf4e3 a6
11.Qd1f3 Nd7b6
12.h3 Qd8h4
13.Be3f2 Qh4e7
14.O-O-O Bg7h6
15.Bf2e3 Bh6xe3
16.Qf3xe3 Bc8d7
17.g4 Nh5g7
18.Rd1g1 Bd7b5
19.h4 c6
20.d5 cxd5
21.Qe3xb6 Bb5xd3
22.cxd3 dxe4
23.Nd2xe4 Ra8c8
24.Qb6xd6 Qe7e8
25.Rg1e1 Qe8a4
26.Kb1 Qa4a5
27.Nc3d5 Rc8d8
28.Nd5f6 Kh8
29.Qd6g3 Ng7e6
30.h5 g5
31.Re1f1 Qa5b5
32.Rf1d1 Rd8d4
33.Rh1f1 Ne6f4
34.Rf1xf4 gxf4
35.Qg3xf4 Rd4xd3
36.Rd1xd3 Qb5xd3
37.Kc1 Rf8c8
38.Ne4c3 b5
39.Qf4h6 b4
40.g5 bxc3
41.g6 cxb2
42.Kxb2 Rc8b8
43.Kc1 Rb8b1
0-1

[Event "Défi"]
[Site "www.echecsemail.com"]
[Date "2026.02.07"]
[Round "1"]
[White "Solnic"]
[Black "Lancien57"]
[WhiteElo "1290"]
[BlackElo "1430"]
[Result "0-1"]
1.d4 d5
2.f4 Ng8f6
3.Ng1f3 Nb8c6
4.e3 Bc8d7
5.Nf3g5 e6
6.a3 Bf8e7
7.Bf1d3 h6
8.Bd3b5 a6
9.Bb5xc6 Bd7xc6
10.O-O Nf6e4
11.Ng5xe4 dxe4
12.Nb1c3 O-O
13.Qd1g4 Be7f6
14.f5 exf5
15.Rf1xf5 Bc6d7
16.Qg4xe4 Rf8e8
17.Qe4f3 Bd7xf5
18.Qf3xf5 c6
19.e4 Qd8xd4
20.Kf1 Qd4c4
21.Ke1 Bf6xc3
22.Kf2 Bc3d4
23.Kf3 Qc4f1
24.Kg4 Qf1xg2
25.Kf4 Qg2xh2
26.Kg4 Qh2g2
27.Kh4 Re8xe4
28.Bc1f4 Bd4f6
29.Kh5 Qg2g6
30.Qf5xg6 fxg6
31.Kg4 h5
32.Kf3 Ra8e8
33.Ra1g1 Kh7
34.b4 g5
35.Bf4d2 Kh6
36.Bd2c1 Re4e1
37.Rg1xe1 Re8xe1
38.Bc1d2 Re1d1
{ abandon }0-1

[Event "Tournoi n27257"]
[Site "www.echecsemail.com"]
[Date "2026.02.07"]
[Round "1"]
[White "Arcadie"]
[Black "Chomi64"]
[WhiteElo "2050"]
[BlackElo "1870"]
[Result "0-1"]
1.e4 c5
2.d4 e6
3.Ng1f3 cxd4
4.c3 dxc3
5.Nb1xc3 Bf8b4
6.Qd1d4 Bb4f8
7.Bf1c4 Nb8c6
8.Qd4d1 a6
9.Qd1e2 d6
10.O-O Qd8c7
11.Bc1f4 h6
12.Rf1d1 Ng8f6
13.Ra1c1 Bf8e7
 { temps }0-1

[Event "CARPE DIEM"]
[Site "www.echecsemail.com"]
[Date "2026.02.07"]
[Round "1"]
[White "4x4"]
[Black "Marmotte"]
[WhiteElo "1470"]
[BlackElo "1560"]
[Result "0-1"]
1.e4 c5
2.Ng1f3 d6
3.d4 cxd4
4.Nf3xd4 Ng8f6
5.Nb1c3 a6
6.f3 Nb8c6
7.Nd4xc6 bxc6
8.Bc1e3 e5
9.Be3g5 Bf8e7
10.Qd1d2 Bc8e6
11.O-O-O a5
12.a4 Qd8b6
13.b3 Qb6b4
14.Nc3a2 Qb4xd2
15.Rd1xd2 Nf6d7
16.Bg5xe7 Kxe7
17.g4 Rh8b8
18.Bf1h3 Nd7c5
19.Rh1d1 d5
20.exd5 cxd5
21.Rd2e2 f6
22.Bh3g2 Rb8c8
23.f4 e4
24.f5 Be6f7
25.Rd1d4 Ra8b8
26.Na2c3 Nc5xb3
27.cxb3 Rc8xc3
28.Re2c2 Rb8xb3
29.Rc2xc3 Rb3xc3
30.Kd2 Rc3b3
31.Bg2f1 Kd6
32.Bf1b5 Kc5
33.Kc2 Kxd4
34.h4 Rb3g3
35.Bb5e2 Rg3g2
36.Kd2 e3
37.Ke1 Rg2g1
38.Be2f1 Rg1xf1
39.Kxf1 Kd3
40.g5 Kd2
41.g6 hxg6
42.fxg6 Bf7xg6
43.Kg2 e2
44.Kf2 e1Q
45.Kf3 Qe1f1
46.Kg4 Bg6f5
47.Kh5 Qf1f3
0-1

[Event "Tournoi n27358"]
[Site "www.echecsemail.com"]
[Date "2026.02.07"]
[Round "1"]
[White "Titit1"]
[Black "Chessmat"]
[WhiteElo "1500"]
[BlackElo "1299"]
[Result "0-1"]
1.Ng1f3 d5
2.e4 dxe4
3.Nf3g5 Ng8f6
4.d3 exd3
5.Bf1xd3 h6
6.Ng5xf7 Kxf7
7.Bd3g6 Kxg6
8.Qd1xd8 Nb8c6
9.Qd8xc7 e5
10.O-O Nf6d5
11.Qc7xc6 bxc6
12.Rf1e1 Bf8d6
13.Re1d1 Bd6c5
14.Nb1d2 Rh8f8
15.Rd1f1 Bc8f5
16.c3 Bc5b6
17.Rf1e1 Ra8e8
18.Nd2f3 Kh7
19.Bc1d2 e4
20.Nf3d4 Bf5d7
21.Bd2e3 Nd5xe3
22.Re1xe3 c5
23.Nd4e2 Bd7g4
24.Ne2g3 c4
25.h3 Bg4c8
26.Re3e2 Bc8b7
27.Ra1e1 Kg8
28.Ng3xe4 Bb7xe4
29.Re2xe4 Bb6xf2
30.Kh1 Bf2xe1
31.Re4xc4 Be1g3
32.Rc4g4 Re8e1
0-1

[Event "Tournoi n27274"]
[Site "www.echecsemail.com"]
[Date "2026.02.07"]
[Round "1"]
[White "Quasar999"]
[Black "Milarepa"]
[WhiteElo "2000"]
[BlackElo "2250"]
[Result "0-1"]
1.f4 d5
2.Ng1f3 g6
3.d4 Bf8g7
4.g3 Ng8f6
5.Nb1c3 O-O
6.Bf1g2 b6
7.O-O Bc8b7
8.e3 Nb8d7
9.Bc1d2 c5
10.Nf3e5 e6
11.Bd2e1 a6
12.Bg2h3 b5
13.g4 b4
14.Nc3e2 a5
15.Ne2g3 Qd8c7
16.g5 Nf6e4
17.Ng3xe4 dxe4
18.c3 Rf8d8
19.Qd1g4 Nd7f8
20.Bh3g2 Qc7b6
21.h4 bxc3
22.Be1xc3 Nf8d7
23.h5 cxd4
24.Bc3xd4 Nd7xe5
25.fxe5 Rd8xd4
26.exd4 Qb6xd4
27.Rf1f2 Bg7xe5
28.Ra1d1 Qd4b6
29.Rd1d7 Ra8f8
30.Bg2xe4 Bb7xe4
31.Qg4xe4 Be5g3
32.Rd7d2 Qb6c5
33.Qe4g4 Bg3xf2
34.Rd2xf2 Rf8d8
35.Qg4f4 Qc5f5
 { temps }0-1

[Event "Coupe Niveau 4"]
[Site "www.echecsemail.com"]
[Date "2026.02.07"]
[Round "1"]
[White "Patau"]
[Black "Marcat"]
[WhiteElo "1690"]
[BlackElo "2180"]
[Result "1-0"]
1.e4 e5
2.Ng1f3 Ng8f6
3.Nb1c3 Nb8c6
4.d4 exd4
5.Nf3xd4 Bf8b4
6.Nd4xc6 bxc6
7.Bf1d3 O-O
8.O-O d5
9.exd5 Bc8g4
10.Bd3e2 Bg4xe2
11.Qd1xe2 cxd5
12.Bc1g5 c6
13.a3 Bb4xc3
14.bxc3 Rf8e8
15.Qe2d3 h6
16.Bg5h4 Re8e4
17.Bh4g3 Qd8e7
18.f3 Re4e3
19.Qd3d4 Ra8e8
20.Bg3f2 Re3e6
21.Bf2g3 c5
22.Qd4f2 Re6e2
23.Rf1e1 Re2xf2
24.Re1xe7 Re8xe7
25.Bg3xf2 c4
26.Ra1e1 Re7xe1
27.Bf2xe1 g5
28.Be1f2 a6
29.Bf2d4 Nf6e8
30.Kf2 Ne8c7
31.Ke3 Kh7
32.Bd4e5  { temps }1-0

[Event "Eq:Royal Kids-Les Gens du Sud :"]
[Site "www.echecsemail.com"]
[Date "2026.02.07"]
[Round "1"]
[White "Uliczny"]
[Black "Silveur"]
[WhiteElo "1700"]
[BlackElo "1790"]
[Result "1-0"]
1.e4 e6
2.d4 d5
3.exd5 exd5
4.Bc1f4 Ng8f6
5.Bf1d3 Bf8e7
6.Ng1f3 O-O
7.O-O Nb8d7
8.c3 c5
9.Nb1d2 Qd8b6
10.Qd1c2 Be7d6
11.Bf4xd6 Qb6xd6
12.Rf1e1 Nd7b6
13.Bd3f5 Bc8xf5
14.Qc2xf5 c4
15.Nf3e5 Ra8d8
16.Nd2f3 Nf6e4
17.h3  { temps }1-0

[Event "Défi( 10J+24H/c 10J Max )"]
[Site "www.echecsemail.com"]
[Date "2026.02.07"]
[Round "1"]
[White "Mimi66"]
[Black "Ys07"]
[WhiteElo "1350"]
[BlackElo "1410"]
[Result "0-1"]
1.e4 d6
2.Qd1f3 Ng8f6
3.c4 e5
4.Nb1c3 Nb8c6
5.Nc3d5 Nc6d4
6.Qf3d3 Qd8d7
7.Ng1f3 h6
8.b3 Nd4xf3
9.gxf3 c5
10.h4 g5
11.Nd5xf6 Ke7
12.Bf1h3 Qd7c7
13.Nf6d5 Kd8
14.Nd5xc7 Kxc7
15.Bh3f1 g4
16.fxg4 Bc8xg4
 { temps }0-1

[Event "Tournoi n27339"]
[Site "www.echecsemail.com"]
[Date "2026.02.07"]
[Round "1"]
[White "Hinnol"]
[Black "Nicadria22"]
[WhiteElo "1990"]
[BlackElo "1930"]
[Result "1-0"]
1.d4 Ng8f6
2.Ng1f3 e6
3.e3 b6
4.c4 Bc8b7
5.Bf1d3 c5
6.Bd3e2 cxd4
7.exd4 d5
8.b3 Bf8e7
9.O-O Nb8c6
10.Bc1b2 O-O
11.Nb1d2 h6
12.Nf3e5 dxc4
13.Ne5xc6 Bb7xc6
14.bxc4 Rf8e8
15.Nd2f3 Be7d6
16.Nf3e5 Bc6b7
17.f4 Nf6e4
18.Be2f3 f5
19.Bf3h5 Re8e7
20.Ne5g6 Re7c7
21.Bh5e2 Kh7
22.Ng6e5 Ne4f6
23.Ra1c1 Nf6e4
24.Be2d3 g6
25.g3 Qd8e8
26.Ne5f3 Bd6e7
27.Nf3e5 g5
28.Bd3xe4 Bb7xe4
29.d5 Be7c5
30.Bb2d4 Bc5e7
31.Ne5c6 Be7f8
32.fxg5 hxg5
33.g4 exd5
34.cxd5 Be4xd5
35.Nc6e5 Rc7xc1
36.Qd1xc1 f4
37.Rf1e1 Ra8c8
38.Qc1b1 Kh6
39.Qb1d3 { abandon }1-0

[Event "Défi"]
[Site "www.echecsemail.com"]
[Date "2026.02.07"]
[Round "1"]
[White "U27940"]
[Black "Lancov"]
[WhiteElo "2090"]
[BlackElo "1920"]
[Result "1-0"]
1.d4 d6
2.Ng1f3 Ng8f6
3.c4 g6
4.Nb1c3 Bf8g7
5.Bc1g5 c6
6.e3 Nb8d7
7.Bf1e2 h6
8.Bg5xf6 Nd7xf6
9.O-O Bc8d7
10.Qd1c2 Qd8c7
11.b4 Nf6g4
12.h3 Ng4f6
13.Be2d3 O-O-O
14.a4 h5
15.b5 cxb5
16.axb5 b6
17.Qc2a2 Kb8
18.Rf1c1 Nf6h7
19.Nc3d5 Qc7b7
20.Qa2a6 e6
21.Qa6xb7 Kxb7
22.Nd5b4 Rd8a8
23.Bd3e4 d5
24.cxd5 f5
25.Be4d3 Nh7f6
26.dxe6 Bd7xe6
27.Nb4a6 Nf6d5
28.Rc1c6 Be6d7
29.Rc6xg6 Bg7f6
30.e4 Bd7e8
31.Rg6xf6 Nd5xf6
32.e5 Nf6e4
33.Ra1c1 Rh8h7
34.Nf3h4 Ra8c8
35.Rc1xc8 Kxc8
36.Nh4xf5 Kd8
37.Bd3xe4 Be8xb5
38.Na6b4 Rh7c7
39.Nb4d5 Rc7c1
40.Kh2 Rc1e1
41.f3 Bb5f1
42.Nd5f4 a5
43.Be4c6 b5
44.e6 Kc7
45.d5 a4
46.e7 a3
47.Nf5d4 a2
48.Nf4e6 Re1xe6
49.Nd4xe6 Kb6
50.e8Q { abandon }1-0

[Event "Défi"]
[Site "www.echecsemail.com"]
[Date "2026.02.07"]
[Round "1"]
[White "Whisky"]
[Black "Castor"]
[WhiteElo "1330"]
[BlackElo "1350"]
[Result "1-0"]
1.Ng1f3 d6
2.g3 e5
3.e4 Ng8f6
4.Bf1g2 Nf6xe4
5.Nf3h4 Bf8e7
6.f3 Ne4c5
7.d4 exd4
8.Qd1xd4 Nc5e6
9.Qd4a4 Bc8d7
10.Qa4b4 Qd8c8
11.O-O Nb8c6
12.Qb4e1 O-O
13.Bc1e3 Qc8e8
14.Nb1c3 Nc6e5
15.f4 Ne5c4
16.b3 Nc4b6
17.f5 Ne6d8
18.Be3xb6 axb6
19.a4 Nd8c6
20.Nc3d5 Nc6d4
21.Qe1d2 Ra8a5
22.Qd2xd4 f6
23.Nd5xc7 Qe8c8
24.Qd4c4 d5
25.Nc7xd5 Qc8e8
26.Nd5c7 Qe8f7
27.Qc4xf7 Rf8xf7
28.Nc7d5 Be7c5
29.Kh1 Bc5d4
30.Ra1d1 Bd4c5
31.Nd5f4 b5
32.axb5 Bd7xb5
33.Nf4d5 Bb5xf1
34.Bg2xf1 Rf7f8
35.Bf1g2 Ra5a2
36.Nd5f4 Ra2xc2
37.Bg2xb7 Rc2b2
38.Bb7d5 Kh8
39.Nf4e6 Rf8c8
40.Bd5c4 Rc8a8
41.Ne6xc5 Ra8a2
42.Rd1d8 1-0

[Event "Défi"]
[Site "www.echecsemail.com"]
[Date "2026.02.07"]
[Round "1"]
[White "Buzz84"]
[Black "Jlr"]
[WhiteElo "1470"]
[BlackElo "1440"]
[Result "0-1"]
1.d4 d5
2.Bc1f4 Bc8f5
3.Nb1c3 h6
4.Nc3b5 Nb8c6
5.Nb5xc7 Kd7
6.Nc7xa8 Qd8a5
7.Bf4d2 Qa5b5
8.b3 Nc6xd4
9.a4 Qb5a6
{ abandon }0-1

[Event "Tournoi n27431"]
[Site "www.echecsemail.com"]
[Date "2026.02.07"]
[Round "1"]
[White "Katastrofic"]
[Black "Jlr"]
[WhiteElo "1490"]
[BlackElo "1430"]
[Result "0-1"]
1.e4 e5
2.Bf1c4 Qd8f6
3.a3 Bf8c5
4.Ng1f3 Ng8e7
5.d3 d6
6.b4 Bc5b6
7.h3 h6
8.O-O g5
9.Nf3h2 Bb6d4
10.c3 Bd4b6
11.a4 a5
12.b5 g4
13.h4 g3
14.Nh2g4 Bc8xg4
15.Qd1xg4 Rh8g8
16.Qg4e2 Qf6xh4
17.Qe2f3 Qh4h2
0-1

[Event "Défi"]
[Site "www.echecsemail.com"]
[Date "2026.02.07"]
[Round "1"]
[White "Intrigue"]
[Black "Xercott"]
[WhiteElo "1720"]
[BlackElo "1830"]
[Result "0-1"]
1.f4 d5
2.Ng1f3 Ng8f6
3.d3 c5
4.b3 Nb8c6
5.Bc1b2 d4
6.c3 Bc8g4
7.cxd4 Nf6d5
8.Bb2c1 g6
9.h3 Bg4xf3
10.exf3 e6
11.g3 Bf8g7
12.Bc1b2 Nc6xd4
13.Qd1e2 Nd4xe2
{ abandon }0-1

[Event "Tournoi n27436"]
[Site "www.echecsemail.com"]
[Date "2026.02.07"]
[Round "1"]
[White "Verson"]
[Black "Odemevol"]
[WhiteElo "1810"]
[BlackElo "1950"]
[Result "0-1"]
1.d4 d5
2.Ng1f3 Ng8f6
3.e3 e6
4.Bf1d3 c5
5.c3 Nb8c6
6.Nb1d2 Bf8e7
7.O-O O-O
8.dxc5 Be7xc5
9.e4 Qd8c7
10.Qd1e2 e5
11.Nd2b3 Bc5d6
12.h3 h6
13.exd5 Nf6xd5
14.Bd3c2 Nd5f6
15.Bc1e3 e4
16.Nf3d4 a6
17.Ra1d1 b5
18.Nd4xc6 Qc7xc6
19.Rd1d2 Qc6c7
20.Rf1d1 Bd6e5
21.Be3d4 Be5xd4
22.Rd2xd4 Bc8b7
23.Bc2xe4 Bb7xe4
24.Nb3d2 Be4b7
25.Nd2f3 Bb7xf3
26.Qe2xf3 Ra8d8
27.Qf3e2 Rd8xd4
28.Rd1xd4 Rf8d8
29.Qe2d2 Rd8xd4
30.Qd2xd4 Qc7d7
31.Qd4xd7 Nf6xd7
32.f3 Nd7c5
33.Kf1 Nc5a4
34.b3 Na4xc3
35.a3 a5
{ abandon }0-1

[Event "Transval 2"]
[Site "www.echecsemail.com"]
[Date "2026.02.07"]
[Round "1"]
[White "39wx"]
[Black "Turbo"]
[WhiteElo "1620"]
[BlackElo "1280"]
[Result "1-0"]
1.e4 e5
2.Ng1f3 Nb8c6
3.d4 exd4
4.Nf3xd4 Nc6xd4
5.Qd1xd4 d6
6.Nb1c3 Ng8f6
7.Bf1c4 a6
8.Qd4d1 b5
9.Bc4d3 Bc8b7
10.Bc1e3 c5
11.O-O Bf8e7
12.h3 Qd8c7
13.Rf1e1 Qc7c6
14.f3 b4
15.Nc3e2 O-O
16.Ne2g3 h5
17.Ra1b1 d5
18.Ng3f5 Be7d8
19.b3 dxe4
20.Bd3e2 Bd8c7
21.Nf5e7 Kh8
22.Ne7xc6 Bb7xc6
23.Be3xc5 exf3
24.Be2xf3 Bc6xf3
25.Qd1xf3 a5
26.Bc5xf8 Ra8xf8
27.Rb1d1 Bc7b6
28.Kh1 g6
29.Qf3xf6 Kh7
30.Qf6xb6 { abandon }1-0

[Event "Défi"]
[Site "www.echecsemail.com"]
[Date "2026.02.07"]
[Round "1"]
[White "Bigoudi"]
[Black "Mc2108"]
[WhiteElo "1060"]
[BlackElo "1290"]
[Result "0-1"]
1.Ng1f3 d5
2.Nb1c3 Bc8f5
3.g3 e6
4.Nf3e5 Qd8e7
5.h4 Qe7f6
6.Ne5f3 d4
7.Nc3b5 Qf6d8
8.Nf3e5 Bf8b4
9.a4 c6
10.Nb5a3 Qd8f6
11.Ne5f3 Ng8e7
12.Na3c4 O-O
13.Bf1h3 Rf8d8
14.h5 Ne7d5
15.b3 Bf5e4
16.Bc1a3 Bb4c5
17.g4 Be4xf3
18.exf3 Nb8a6
19.Qd1e2 Nd5f4
20.Qe2e4 d3
21.cxd3 Rd8xd3
22.b4 Bc5b6
23.b5 Qf6xa1
24.Ba3c1 Qa1xc1
0-1

[Event "Tournoi n27427"]
[Site "www.echecsemail.com"]
[Date "2026.02.07"]
[Round "1"]
[White "Patau"]
[Black "Hermite"]
[WhiteElo "1670"]
[BlackElo "1550"]
[Result "1/2-1/2"]
1.e4 e5
2.Ng1f3 Nb8c6
3.Nb1c3 d6
4.d4 Qd8f6
5.Bf1c4 exd4
6.Nc3d5 Qf6d8
7.Nf3xd4 Nc6xd4
8.Qd1xd4 c6
9.Nd5c3 Ng8f6
10.Bc1g5 Bf8e7
11.O-O O-O
12.e5 dxe5
13.Qd4xe5 Nf6d7
14.Bg5xe7 Nd7xe5
15.Be7xd8 Ne5xc4
16.Bd8g5 Nc4xb2
17.Rf1e1 Bc8f5
18.Ra1b1 Nb2c4
19.Rb1xb7 Bf5xc2
20.Rb7c7 Ra8c8
21.Re1e7 Rc8xc7
22.Re7xc7 Nc4e5
23.Bg5f4 f6
24.Bf4xe5 Rf8e8
25.Rc7xc6 Re8xe5
26.Rc6c8 Kf7
27.f4 Re5f5
28.g3 Bc2d3
29.Rc8c7 Kg6
30.Rc7xa7 Kh5
31.Ra7xg7 Kh6
32.Rg7g8 Rf5c5
33.Nc3a4 Rc5c1
34.Kf2 Rc1c2
35.Ke3 Bd3b5
36.g4 Bb5xa4
37.g5 Kh5
38.gxf6 Rc2c7
39.Ke4 Rc7f7
40.Ke5 Ba4d7
41.Rg8g5 Kh6
42.h4 Bd7c8
43.Rg5g7 Rf7xg7
44.fxg7 Kxg7
45.a4 Kf7
46.a5 Ke7
47.f5 Kf7
48.h5 h6
49.f6 Bc8b7
50.Kf5 Bb7c8
51.Ke5 Bc8b7
52.Kf5 Bb7c8
53.Ke5 1/2-1/2

[Event "Tournoi échelle"]
[Site "www.echecsemail.com"]
[Date "2026.02.07"]
[Round "1"]
[White "Domenico"]
[Black "Eldiablo90"]
[WhiteElo "1830"]
[BlackElo "2790"]
[Result "0-1"]
1.e4 e6
2.Bf1c4 d5
3.exd5 exd5
4.Bc4e2 Ng8f6
5.d4 Bf8d6
6.Ng1f3 O-O
7.O-O h6
8.Bc1e3 Rf8e8
9.c3 Bc8f5
10.Nb1d2 Nf6g4
11.h3 Ng4xe3
12.fxe3 Bf5g6
13.Qd1e1 Re8xe3
14.Nf3h4 Bd6g3
{ abandon }0-1

[Event "Eq:Avalon-La Diagonale du Fou :"]
[Site "www.echecsemail.com"]
[Date "2026.02.07"]
[Round "1"]
[White "Biquet"]
[Black "Mimie"]
[WhiteElo "1840"]
[BlackElo "1710"]
[Result "1-0"]
1.e4 e5
2.d4 d6
3.dxe5 Nb8c6
4.exd6 Qd8xd6
5.Qd1xd6 Bf8xd6
6.f4 Ng8e7
7.e5 Bd6b4
8.Bc1d2 Bc8f5
9.c3 Bb4c5
10.Ng1f3 O-O
11.Bf1c4 h6
12.Nb1a3 a6
13.Bc4b3 b5
14.O-O-O Bc5xa3
15.bxa3 Bf5e6
16.Nf3d4 Nc6xd4
17.cxd4 Ne7d5
18.g3 Rf8c8
19.f5 Be6xf5
20.Bb3xd5 Ra8b8
21.Bd2f4 c6
22.Bd5b3 Bf5g4
23.Rd1d2 Rc8e8
24.h3 Bg4f3
25.Rh1e1 a5
26.e6 Bf3d5
27.exf7 Bd5xf7
28.Re1xe8 Rb8xe8
29.Bb3xf7 { abandon }1-0

[Event "Défi"]
[Site "www.echecsemail.com"]
[Date "2026.02.07"]
[Round "1"]
[White "Elghribi"]
[Black "Lechiquiere"]
[WhiteElo "1910"]
[BlackElo "1880"]
[Result "1-0"]
1.e4 c6
2.d4 d5
3.e5 Bc8f5
4.Bf1d3 Bf5xd3
5.Qd1xd3 e6
6.f4 Ng8e7
7.Ng1f3 Qd8a5
8.c3 Qa5a6
9.Qd3xa6 Nb8xa6
10.Bc1e3 h5
11.Kf2 Ne7f5
12.Nb1d2 Nf5xe3
13.Kxe3 c5
14.a3 Bf8e7
15.Ra1c1 O-O
16.Nd2b3 cxd4
17.cxd4 Ra8c8
18.Nb3a5 b6
19.Na5c6 Rc8c7
20.b4 b5
21.Nc6xe7 Rc7xe7
22.Rc1c3 Na6c7
23.Rh1c1 Rf8c8
24.Nf3d2 Kf8
25.Nd2b3 Ke8
26.Nb3a5 a6
27.Na5c6 Re7d7
28.Nc6a7 Kd8
29.Na7xc8 Kxc8
30.Rc3c6 Kb7
31.Rc6d6 { abandon }1-0

[Event "Défi"]
[Site "www.echecsemail.com"]
[Date "2026.02.07"]
[Round "1"]
[White "Majula"]
[Black "Intrigue"]
[WhiteElo "1620"]
[BlackElo "1760"]
[Result "1-0"]
1.d4 Ng8f6
2.Ng1f3 c6
3.Nb1c3 d5
4.Bc1f4 Bc8f5
5.h3 Nb8d7
6.b4 h6
7.e3 e6
8.g4 Bf5e4
9.Nc3xe4 Nf6xe4
10.Bf1d3 Nd7f6
11.Bd3xe4 Bf8xb4
12.Ke2 dxe4
13.Nf3e5 Nf6d5
14.Qd1b1 O-O
15.Qb1b3 a5
16.a4 Ra8c8
17.c4 Nd5c3
18.Kf1 Qd8h4
19.Qb3c2 Qh4d8
20.h4 f5
21.Ne5g6 Rf8f7
22.Ng6e5 Rf7f8
23.Kg2 fxg4
24.Ne5xg4 h5
25.Ng4e5 Qd8e8
26.f3 exf3
27.Kxf3 Qe8d8
28.Qc2g6 c5
29.Qg6xe6 Kh7
30.Qe6g6 Kg8
31.Qg6xh5 cxd4
32.Ne5g6 Rf8f6
33.Qh5h8 Kf7
34.Ng6e5 Ke6
35.Qh8xg7 Rc8c7
36.Qg7g4 Ke7
37.Rh1g1 Qd8h8
38.Qg4g7 Qh8xg7
39.Rg1xg7 Kd8
40.Rg7xc7 Kxc7
41.Ne5g4 Bb4d6
42.Ng4xf6 { abandon }1-0